| 000 | 00469pab a2200181 454500 | ||
|---|---|---|---|
| 008 | 180718b2010 xxu||||| |||| 00| 0 eng d | ||
| 100 | _aGorodnichenko, Yuriy | ||
| 245 | _aGlobalization and innovation in emerging markets | ||
| 260 | _c2010 | ||
| 300 | _ap.194-226. | ||
| 362 | _aApr | ||
| 650 | _aGlobalization | ||
| 700 | _aTerrell, Katherine | ||
| 700 | _aSvejnar, Jan | ||
| 773 | _aAmerican Economic Journal: Macroeconomics | ||
| 908 | _aN | ||
| 909 | _a86573 | ||
| 999 |
_c86573 _d86573 |
||